সাইদুর রহমান ফাউণ্ডেশন বক্তৃতামালা ১৯৭৯-৮২ (Record no. 17861)

MARC details
000 -LEADER
fixed length control field 00891nam a22002057a 4500
003 - CONTROL NUMBER IDENTIFIER
control field BDDh-ASL
005 - DATE AND TIME OF LATEST TRANSACTION
control field 20231015025641.0
008 - FIXED-LENGTH DATA ELEMENTS--GENERAL INFORMATION
fixed length control field 200914b1984 ||||| b||| 00| 0 d
040 ## - CATALOGING SOURCE
Original cataloging agency BDDh-ASL
Transcribing agency BDDh-ASL
Modifying agency BDDh-ASL
041 ## - LANGUAGE CODE
Language code of text/sound track or separate title bengali
082 ## - DEWEY DECIMAL CLASSIFICATION NUMBER
Classification number 210.1
Item number SYD
245 1# - TITLE STATEMENT
Title সাইদুর রহমান ফাউণ্ডেশন বক্তৃতামালা ১৯৭৯-৮২
Statement of responsibility, etc. ঢাকা বিশ্ববিদ্যালয়,
246 ## - VARYING FORM OF TITLE
Title proper/short title Sydur Rahman Foundation Baktritamala 1979-82.
260 ## - PUBLICATION, DISTRIBUTION, ETC.
Place of publication, distribution, etc. ঢাকা:
Name of publisher, distributor, etc. ঢাকা বিশ্ববিদ্যালয়,
Date of publication, distribution, etc. ১৯৮৪।
300 ## - PHYSICAL DESCRIPTION
Dimensions ২২ সে. মি.।
504 ## - BIBLIOGRAPHY, ETC. NOTE
Bibliography, etc. note গ্রন্থপঞ্জি সংযুক্ত।
600 ## - SUBJECT ADDED ENTRY--PERSONAL NAME
Source of heading or term সাইদুর রহমান
650 #0 - SUBJECT ADDED ENTRY--TOPICAL TERM
9 (RLIN) 698
Topical term or geographic name entry element বক্তৃতামালা
General subdivision প্রবন্ধ
942 ## - ADDED ENTRY ELEMENTS (KOHA)
Source of classification or shelving scheme Dewey Decimal Classification
Koha item type Books
Holdings
Withdrawn status Lost status Source of classification or shelving scheme Damaged status Not for loan Collection code Home library Current library Shelving location Date acquired Coded location qualifier Total Checkouts Full call number Barcode Date last seen Copy number Price effective from Koha item type
    Dewey Decimal Classification     Non-fiction Asiatic Society Library Asiatic Society Library General Stacks 09/14/2020 Donated by   210.1 SYD 100995 09/14/2020 C-1 09/14/2020 Books

Powered by Koha